Data Mining in the Industry

Salvato in:
Dettagli Bibliografici
Autore principale: Kebísek, Michal, 1974- (Autore)
Altri autori: Spalek, Juraj (Revisore), Husar, Peter (Revisore), Kachaňák, Anton (Revisore)
Natura: Libro
Lingua:inglese
Pubblicazione: Ilmenau : Universitätsverlag Ilmenau, 2012
Edizione:1st ed
Serie:Scientific Monographs in Automation and Computer Science 6
Soggetti:
Tags: Aggiungi Tag
Nessun Tag, puoi essere il primo ad aggiungerne!!

MARC

LEADER 00000nam a22000003a 4500
001 stu261668
005 20220317190605.4
008 130125s--------gw------------------eng-d
020 |a 978-3-86360-048-8 
040 |a STU  |b slo 
041 0 |a eng 
044 |a gw 
080 |a 004  |7 stu_us_auth*stu9200 
100 1 |a Kebísek, Michal,  |d 1974-  |4 aut  |u M6000  |9 100  |U MTF Materiálovotechnologická fakulta  |T MTF Ústav aplikovanej informatiky, automatizácie a matematiky  |X 2798  |U M6000  |Y 86  |7 A000002798 
245 1 |a Data Mining in the Industry 
250 |a 1st ed 
260 |a Ilmenau :  |b Universitätsverlag Ilmenau,  |c 2012 
300 |a 104 s 
650 7 |a data mining  |2 estusub 
650 7 |a data warehouse  |2 estusub 
700 1 |a Spalek, Juraj  |4 rev 
700 1 |a Husar, Peter  |4 rev 
700 1 |a Kachaňák, Anton  |4 rev 
830 0 |a Scientific Monographs in Automation and Computer Science  |v 6 
996 |b 284M084800  |c M*13441-1  |l MMKN  |s A  |a 24  |w stu261668_0002